Statystyki dla TOP 20 najwyżej ocenionych zawodników w FIFA 22 - Bundesliga

Kliknij tutaj aby rozwiązać quiz!

Ogólne statystyki

  • Ten quiz został rozwiązany 770 razy
  • Średni wynik to 13 z 20

Statystyki odpowiedzi

MIEJSCE w BUNDESLIGAKLUBOCENAPOZYCJAPAN NIEMIEC% Poprawnych
1.Bayern Monachium92NAPASTNIKRobert Lewandowski
100%
2.Bayern Monachium90BRAMKARZManuel Neuer
96%
3.Bayern Monachium89POMOCNIKJoshua Kimmich
88%
6.Bayern Monachium87POMOCNIKThomas Muller
86%
4.Borussia Dortmund88NAPASTNIKErling Braut Haaland
85%
5.Bayern Monachium87POMOCNIKLeon Goretzka
83%
10.Borussia Dortmund85POMOCNIKMarco Reus
79%
8.Borussia Dortmund86OBROŃCAMats Hummels
79%
11.Borussia Monchengladbach85BRAMKARZYann Sommer
72%
14.Bayern Monachium84POMOCNIKLeroy Sane
71%
12.Bayern Monachium85POMOCNIKSerge Gnabry
70%
7.Bayern Monachium86POMOCNIKKingsley Coman
63%
19.RB Lipsk84NAPASTNIKAndre Silva
51%
9.Wolfsburg86BRAMKARZKoen Casteels
51%
13.RB Lipsk85BRAMKARZPeter Gulacsi
51%
16.Borussia Monchengladbach84OBROŃCAMathias Ginter
45%
18.Eintracht Frankfurt84POMOCNIKFilip Kostic
39%
17.Bayern Monachium84POMOCNIKMarcel Sabitzer
39%
15.Borussia Dortmund84OBROŃCARaphael Guerreiro
36%
20.Borussia Dortmund83POMOCNIKAxel Witsel
32%

Rozkład punktacji

Percentyl według liczby udzielonych odpowiedzi

Procent ludzi z każdym wynikiem

Twoja historia wyników

Nie rozwiązałeś tego quizu